000 00754nam a22002057a 4500
005 20150813020002.0
008 130708b2001 ck ||||| |||| 00| 0 spa d
041 _ager
044 _ack
082 _a580
_bS678c
111 2 _aVI Congreso Colombiano de Botánica
_d2011 :
_cCali , Colombia.
_9358
245 1 0 _aVI Congreso Colombiano de Botánica, Cali, 11-15, Agosto 2011 :
_b Memorias
260 _a Cali, colombia
_b Sociedad Colombiana del Bambú.
_c2011.
300 _a 58 p.,
_c21 cm.
500 _aProgramación
610 2 4 _a Sociedad Colombiana del Bambú
_vCongresos, conferencias, etc
_9359
650 _a Biodiversidad
_v Congresos y conferencias.
_9360
650 _a Botánica
_v Congresos y conferencias.
_9361
942 _2ddc
_cIMPRESO
_01
999 _c7349
_d7349